Návrh opatrení na zlepšenie prípravy zamestnancov v rámci systému PSM v spoločnosti SLOVNAFT, a.s.

Gespeichert in:
Bibliographische Detailangaben
1. Verfasser: Fabišík, Jozef, 1968- (Verfasst von)
Weitere Verfasser: Chlpeková, Andrea, 1969- (Betreuung Doktorarbeit)
Format: Manuskript Buch
Sprache:Slowakisch
Veröffentlicht: Trnava : STU v Bratislave MTF UPMK, 2014
Schlagworte:
Online-Zugang:VAIS
Tags: Tag hinzufügen
Keine Tags, Fügen Sie das erste Tag hinzu!

MARC

LEADER 00000ntm a22000003a 4500
001 stu293263
005 20150617230318.5
008 140708s2014----xo------------------slo-d
040 |a STU  |b slo 
041 0 |a slo 
044 |a xo 
100 1 |a Fabišík, Jozef,  |d 1968-  |4 aut  |u M  |T MTF Materiálovotechnologická fakulta  |X 46019  |U M  |Y 60  |7 A000046019 
242 0 0 |a Proposed measures for improvement staff training within the system PSM in the company SLOVNAFT Plc.   |y eng 
245 1 |a Návrh opatrení na zlepšenie prípravy zamestnancov v rámci systému PSM v spoločnosti SLOVNAFT, a.s. 
260 |a Trnava :  |b STU v Bratislave MTF UPMK,  |c 2014 
300 |a 54s  |c CD 
650 7 |a priemyselné manažérstvo  |2 stusub 
650 7 |a Industrial Management  |2 estusub 
650 7 |a education and training  |2 estusub 
650 7 |a segments  |2 estusub 
650 7 |a audit  |2 stusub 
650 7 |a kvalifikácia  |2 stusub 
700 1 |a Chlpeková, Andrea,  |d 1969-  |4 ths  |u M4000  |U MTF Materiálovotechnologická fakulta  |T MTF Ústav priemyselného inžinierstva a manažmentu  |X 237  |U M4000  |Y 84  |7 A000000237 
856 4 |a info a plný text  |u http://is.stuba.sk/zp/portal_zp.pl?podrobnosti=87803  |3 VAIS 
996 |c M*BP-6950  |l MMSKP  |s P  |a 0  |w stu293263_0001